01683nam a2200397 a 4500001001200000003000800012006001900020007001500039008004100054010001700095020003600112040002100148035002000169050002500189082002800214100002500242245013400267260006100401300004900462504006400511533015200575600002100727600002000748600001900768650003300787650003200820650004800852651002200900651003200922651007000954651007201024655002901096710001701125856012601142999001701268ebr10015722CaPaEBRm u cr cn|||||||||010801s2001 txuabf sb s001 0ceng  z 2001046468 z1574411349 (cloth : alk. paper) aCaPaEBRcCaPaEBR a(OCoLC)7076906114aE184.G3bR355 2001eb04a304.8/73043/0922aB2211 aReichstein, Andreas.10aGerman pioneers on the American frontierh[electronic resource] :bthe Wagners in Texas and Illinois /cby Andreas V. Reichstein. aDenton, Tex. :bUniversity of North Texas Press,cc2001. axii, 303 p., [12] p. of plates :bill., map. aIncludes bibliographical references (p. 275-298) and index. aElectronic reproduction.bPalo Alto, Calif. :cebrary,d2013.nAvailable via World Wide Web.nAccess may be limited to ebrary affiliated libraries.10aWagner, Wilhelm.10aWagner, Julius.30aWagner family. 0aGerman AmericansvBiography. 0aPioneerszTexasvBiography. 0aAcculturationzUnited StatesvCase studies. 0aTexasvBiography. 0aFreeport (Ill.)vBiography. 0aUnited StatesxEmigration and immigrationxHistoryy19th century. 0aBaden (Germany)xEmigration and immigrationxHistoryy19th century. 7aElectronic books.2local2 aebrary, Inc.40uhttp://site.ebrary.com/lib/rucke/Doc?id=10015722zAn electronic book accessible through the World Wide Web; click to view c11819d11819